|
|
|
|
| LEADER |
00849cam a2200241 7i4500 |
| 001 |
0000001228 |
| 005 |
20191017090000.0 |
| 020 |
|
|
|a 9789839585988
|
| 020 |
|
|
|a 9839585983 (pbk.)
|
| 090 |
0 |
0 |
|a TD146
|b .V47 1994
|
| 100 |
1 |
|
|a Vesilind, P. Aarne
|
| 245 |
1 |
0 |
|a Kejuruteraan alam sekitar
|c P. Aarne Vesilind, J. Jeffrey Peirce, Ruth Weiner ; penterjemah Noraini Jaafar.
|
| 250 |
|
|
|a 2nd ed.
|
| 260 |
|
|
|a Skudai, Johor:
|b UTM,
|c 1994.
|
| 300 |
|
|
|a xi, 523 p.:
|b ill.;
|c 24 cm.
|
| 650 |
0 |
0 |
|a Sanitary engineering
|
| 650 |
0 |
0 |
|a Environmental engineering
|
| 700 |
0 |
|
|a Noraini Jaafar
|
| 700 |
1 |
|
|a Peirce, J. Jeffrey
|
| 700 |
1 |
|
|a Weiner, Ruth
|
| 997 |
|
|
|a Engineering & Life Sciences, Faculty
|b Engineering, Department
|
| 999 |
|
|
|a 0000000682
|b BOK
|c OPEN SHELF
|e 2nd Floor, Bestari Jaya
|
| 999 |
|
|
|a 0000000684
|b BOK
|c OPEN SHELF
|e 2nd Floor, Bestari Jaya
|